Estadísticas para Idiomas oficiales de la UE

Haz click aquí para tomar la prueba!

Estadísticas generales

  • Esta prueba ha sido tomada 6.470 veces
  • La puntuación promedio es 18 de 24

Estadísticas de respuestas

Oficial enIdioma% Correcto
EspañaEspañol
99%
Alemania, Austria, Bélgica,
Luxemburgo
Alemán (deutsch)
97%
Bélgica, Francia, LuxemburgoFrancés (français)
97%
Irlanda, MaltaInglés (English)
97%
ItaliaItaliano (italiano)
95%
PortugalPortugués (português)
89%
Finlandia, SueciaSueco (svenska)
87%
Chipre, GreciaGriego (ελληνικά)
82%
PoloniaPolaco (polski)
80%
FinlandiaFinés (suomi)
78%
Bélgica, Países BajosNeerlandés (nederlands)
78%
RumaniaRumano (română)
77%
CroaciaCroata (hrvatski)
73%
DinamarcaDanés (dansk)
73%
HungríaHúngaro (magyar)
72%
BulgariaBúlgaro (български)
70%
República ChecaCheco (čeština)
70%
EslovaquiaEslovaco (slovenčina)
68%
EsloveniaEsloveno (slovenščina)
67%
LetoniaLetón (latviešu valoda)
65%
LituaniaLituano (lietuvių kalba)
63%
EstoniaEstonio (eesti keel)
61%
IrlandaIrlandés (gaelic)
58%
MaltaMaltés (malti)
41%

Distribución de puntuación

Porcentaje por número respondido

Porcentaje de gente con cada puntuación

Historial de tus puntuaciones

No has tomado esta prueba